Managing human resources : (Record no. 347510)

000 -LEADER
fixed length control field 00586 a2200169 4500
020 ## - INTERNATIONAL STANDARD BOOK NUMBER
International Standard Book Number 0071152245 (hardcover)
020 ## - INTERNATIONAL STANDARD BOOK NUMBER
International Standard Book Number 9780071152242 (hardcover)
090 ## - LOCALLY ASSIGNED LC-TYPE CALL NUMBER (OCLC); LOCAL CALL NUMBER (RLIN)
-- 5088
-- 5088
100 1# - MAIN ENTRY--PERSONAL NAME
Personal name Cascio, Wayne F.
245 10 - TITLE STATEMENT
Title Managing human resources :
Remainder of title productivity, quality of work life, profits /
Statement of responsibility, etc. Wayne F. Cascio.
250 ## - EDITION STATEMENT
Edition statement Internat.2r.e. ed.
260 ## - PUBLICATION, DISTRIBUTION, ETC.
Place of publication, distribution, etc. [S.l.] :
Name of publisher, distributor, etc. McGraw-Hill Education (ISE Editions),
Date of publication, distribution, etc. 1997.
300 ## - PHYSICAL DESCRIPTION
Extent 704 p.
500 ## - GENERAL NOTE
General note Import.
856 40 - ELECTRONIC LOCATION AND ACCESS
Materials specified Amazon.com
Uniform Resource Identifier <a href="http://www.amazon.com/exec/obidos/ASIN/0071152245/chopaconline-20">http://www.amazon.com/exec/obidos/ASIN/0071152245/chopaconline-20</a>
942 ## - ADDED ENTRY ELEMENTS (KOHA)
Institution code [OBSOLETE] NBS
Koha item type Book
Call number prefix 658 CAS
Holdings
Withdrawn status Lost status Damaged status Not for loan Permanent Location Current Location Date acquired Total Checkouts Full call number Barcode Date last seen Date last checked out Price effective from Koha item type
        Central Library (CL) Central Library (CL) 08/28/2013 2 658 CAS NBS5098 01/14/2022 11/01/2021 08/28/2013 Book
© 2023 Central Library, National University of Sciences and Technology. All Rights Reserved.